[Event "South Jutland-chT 2223 Series A"]
[Site "Denmark"]
[Date "2023.03.23"]
[Round "7"]
[White "Wyff, Poul"]
[Black "Krog, Bent"]
[Result "1-0"]
[WhiteElo "1617"]
[BlackElo "1499"]
[PlyCount "53"]
[EventDate "2022.11.02"]
[EventType "team-tourn"]
[EventRounds "7"]
[EventCountry "DEN"]
[SourceTitle "EXT 2025"]
[Source "ChessBase"]
[SourceDate "2024.10.14"]
[SourceVersion "1"]
[SourceVersionDate "2024.10.14"]
[SourceQuality "1"]
[WhiteTeam "Haderslev II"]
[BlackTeam "Varde II"]
[WhiteTeamCountry "DEN"]
[BlackTeamCountry "DEN"]

1. d4 Nf6 2. Bf4 g6 3. c3 d5 4. Nd2 Bg7 5. e3 b6 6. Be2 Bb7 7. h4 h5 8. Ngf3 Nbd7 9. Ng5 c5 10. Qc2 c4 11. 0-0 b5 12. Bf3 Nb6 13. e4 dxe4 14. Ndxe4 Nxe4 15. Nxe4 Nd5 16. Bg3 0-0 17. Rfe1 Qb6 18. Nc5 Rad8 19. Bxd5 Bxd5 20. Rxe7 Qc6 21. f3 a5 22. Rae1 a4 23. a3 Rfe8 24. Qe2 Kf8 25. Rxe8+ Rxe8 26. Qxe8+ Qxe8 27. Bd6+ 1-0